000 00607nam a2200205Ia 4500
005 20250923144945.0
008 008 250917s9999 xx 000 0 eng d
037 _aTextual
040 _aDSWL
_beng
_cDSWL
041 _aeng
_2eng
084 _aYX;5:8.3'N6, N65
_qDSWL
100 _aMarsh, P.D.
_9830252
245 3 _aAn introduction to the study of social administration
_cby P.D. Marsh
260 _aLondon
_bRouteldge & Kegan Paul
_c1965
300 _aVIV,248 p.
365 _aINR
_b25
925 _g25
942 _cTEXL
_hYX;5:8.3'N6, N65
999 _c1445375
_d1445375